000 00368 a2200121 4500
001 ART_17879
005 20260410161701.0
008 260409a
245 1 0 _aEstimación de la función de importaciones de mercancias
100 1 _aMachinea, José Luis
700 1 _aRotemberg, Julio
773 0 _tEnsayos Económicos
_g- Nº 3 (sep. 1977)
_wREV620
999 _c15178
_d15178